| 000 | 00774nmc a2200253 a 4500 | ||
|---|---|---|---|
| 003 | AR-BaBNM | ||
| 005 | 20251128203334.0 | ||
| 008 | 221020s1977 ||||||||||||||000 | spa|| | ||
| 040 | _cAR-BaBNM | ||
| 100 | 1 | _aBareilles, Oscar S. | |
| 245 | 1 | 0 |
_aEl folklore musical en la escuela _bdanzas y canciones folklóricas argentinas con acompañamiento para piano y guitarra, versiones facilitadas |
| 250 | _a1ª ed. | ||
| 260 |
_aBuenos Aires _bKapelusz _c1977 |
||
| 300 | 0 | _a11 p. | |
| 490 | 0 |
_aCuadernos pedagógicos _vv. 45 |
|
| 500 | 0 | _aContiene referencias bibliográficas | |
| 650 | 4 | _aEDUCACION MUSICAL | |
| 650 | 4 | _aFOLKLORE | |
| 650 | 4 | _aDANZAS FOLKLORICAS | |
| 650 | 4 | _aCANCIONES FOLKLORICAS | |
| 650 | 4 | _aMUSICA FOLKLORICA | |
| 942 | _cBK | ||
| 998 | _cCarmen | ||
| 999 |
_c2964 _d2964 |
||